[Event "Foment Martinenc op-B 17th"]
[Site "Barcelona"]
[Date "2015.05.02"]
[Round "2"]
[White "Lopez Mayoral, Miguel Angel"]
[Black "Romero Gamez, Francisco Javier"]
[Result "1-0"]
[WhiteElo "1906"]
[BlackElo "1840"]
[PlyCount "57"]
[EventDate "2015.04.25"]
[EventType "swiss"]
[EventRounds "9"]
[EventCountry "ESP"]
[SourceTitle "EXT 2017"]
[Source "ChessBase"]
[SourceDate "2016.10.25"]
[SourceVersion "1"]
[SourceVersionDate "2016.10.25"]
[SourceQuality "1"]

1. e4 c5 2. Nf3 d6 3. d4 cxd4 4. Nxd4 Nf6 5. Nc3 a6 6. Bc4 e6 7. 0-0 Be7 8. Be3 0-0 9. a4 Nxe4 10. Nxe4 d5 11. Bd3 dxe4 12. Bxe4 Bf6 13. Qd3 h6 14. Rfd1 Nd7 15. Qd2 Re8 16. Bxh6 Bxd4 17. Qxd4 gxh6 18. Rd3 Qf6 19. Rg3+ Kh8 20. Qe3 Rg8 21. Rh3 Rg5 22. Rd1 e5 23. Rf3 Qg7 24. g3 h5 25. Qb3 f5 26. Bxf5 Rxf5 27. Rxf5 Qg4 28. Qd3 Rb8 29. Rf7 1-0

[Event "Foment Martinenc op-B 15th"]
[Site "Barcelona"]
[Date "2013.06.15"]
[Round "9"]
[White "Lopez Mayoral, Miguel Angel"]
[Black "Pascual Duran, Pau"]
[Result "0-1"]
[WhiteElo "1645"]
[BlackElo "1473"]
[PlyCount "86"]
[EventDate "2013.04.20"]
[EventType "swiss"]
[EventRounds "9"]
[EventCountry "ESP"]
[SourceTitle "CBM 154 Extra"]
[Source "ChessBase"]
[SourceDate "2013.06.25"]
[SourceVersion "2"]
[SourceVersionDate "2013.06.25"]
[SourceQuality "1"]

1. e4 e5 2. Nf3 Nc6 3. Bc4 Be7 4. 0-0 d6 5. c3 Nf6 6. Re1 0-0 7. d4 Bg4 8. d5 Nb8 9. Bd3 Nbd7 10. Nbd2 Nc5 11. Nf1 Rc8 12. Bc2 c6 13. c4 cxd5 14. cxd5 Qb6 15. Ng3 g6 16. a3 a5 17. Rb1 Na6 18. Bg5 Rc7 19. Be3 Qb5 20. Bd3 Qd7 21. Bb6 Rcc8 22. Bxa5 Nc5 23. Bf1 Bd8 24. Bd2 Bb6 25. Bg5 Bd8 26. h3 Bh5 27. Bxf6 Bxf6 28. Nxh5 gxh5 29. Nh2 h4 30. Ng4 Bg5 31. Qf3 f5 32. exf5 Rxf5 33. Qd1 Rcf8 34. b4 Na4 35. Rb3 h5 36. Nh2 Rxf2 37. Qxh5 Qf5 38. Bd3 Rxg2+ 39. Kxg2 Qf2+ 40. Kh1 Qxe1+ 41. Nf1 Rxf1+ 42. Bxf1 Qxf1+ 43. Kh2 Bf4+ 0-1

[Event "Barcelona La Lira-B 15th"]
[Site "Barcelona"]
[Date "2012.07.26"]
[Round "6"]
[White "Lopez Mayoral, Miguel Angel"]
[Black "Romero Funieles, Rafael de Jesus"]
[Result "1-0"]
[WhiteElo "1654"]
[BlackElo "1780"]
[PlyCount "69"]
[EventDate "2012.07.21"]
[EventType "tourn"]
[EventRounds "9"]
[EventCountry "ESP"]
[SourceTitle "EXT 2014"]
[Source "ChessBase"]
[SourceDate "2013.11.20"]
[SourceVersion "1"]
[SourceVersionDate "2013.11.20"]
[SourceQuality "1"]

1. e4 e6 2. d4 Be7 3. Nf3 d6 4. Be2 Nf6 5. Nc3 c6 6. 0-0 0-0 7. h3 a6 8. e5 Nd5 9. Ne4 dxe5 10. dxe5 f5 11. exf6 Nxf6 12. Nxf6+ Bxf6 13. Bd3 Nd7 14. Qe2 Nb6 15. c3 Re8 16. Qc2 g6 17. Bh6 Bg7 18. Bxg7 Kxg7 19. Ne5 Qf6 20. Rae1 Nd5 21. g3 Ne7 22. Ng4 Qf8 23. Qe2 Ng8 24. h4 a5 25. h5 gxh5 26. Qe5+ Kf7 27. Qxh5+ Ke7 28. Bxh7 Kd8 29. Bxg8 Qxg8 30. Nf6 Qh8 31. Qf7 Re7 32. Rd1+ Kc7 33. Qxe7+ Kb8 34. Nd7+ Kc7 35. Qd6+ 1-0

[Event "Cerdanyola del Valles op-B 29th"]
[Site "Cerdanyola del Valles"]
[Date "2011.11.05"]
[Round "5"]
[White "Lopez Mayoral, Miguel Angel"]
[Black "Vilasaro Ruiz, Gerard"]
[Result "1-0"]
[WhiteElo "1677"]
[BlackElo "1443"]
[PlyCount "56"]
[EventDate "2011.10.01"]
[EventType "swiss"]
[EventRounds "8"]
[EventCountry "ESP"]
[SourceTitle "EXT 2013"]
[Source "ChessBase"]
[SourceDate "2012.11.22"]
[SourceVersion "1"]
[SourceVersionDate "2012.11.22"]
[SourceQuality "1"]

1. e4 e6 2. d4 d5 3. e5 c5 4. Nf3 Qb6 5. Bd3 Nc6 6. 0-0 cxd4 7. Nbd2 Bd7 8. Nb3 Nge7 9. Rb1 Ng6 10. Bxg6 hxg6 11. Nbxd4 Be7 12. Be3 Qc7 13. Nb5 Qb8 14. Bf4 a6 15. Nbd4 0-0 16. Re1 Qc7 17. c3 Rac8 18. Qd3 Na5 19. Bg5 Qd8 20. Bxe7 Qxe7 21. Nd2 b5 22. f4 Rc7 23. Qh3 f6 24. Re3 fxe5 25. Rxe5 Rxf4 26. Qe3 Qf7 27. Nxe6 Bxe6 28. Rxe6 Nc4 1-0